LEADER 00966nam a2200241 i 4500 001 000000141751 003 CaOOAMICUS 005 20050728000000.0 008 050728s1926 it u000 u ita u 013 $a116480 040 $aSeMil$bita 100 1 $aCuoco, Vincenzo,$d<1770-1823>.$0(OLS)http://semarc/name/8291 245 10$aEducazione nazionale /$cVincenzo Cuoco ; scritti scelti e annotati da Arturo Beccari. 260 $aTorino :$bSEI,$cpref. 1926. 300 $a219 p. ;$c20 cm. 490 0 $aLetture di pedagogia ;$v2 650 4$aPedagogia.$0(OLS)http://semarc/subject/1060 700 1 $aBeccari, Arturo.$0(OLS)http://semarc/name/39408 830 0$aLetture di pedagogia ;$v2.$0(OLS)http://semarc/title/9097 850 $aSeMil 852 $aSeMil$W1$xVenegono$y1$m2R III 14$j94969$B94969$CSeMilBibl$Z2$F100997 $81 996 $6245$aEducazione nazionale$9(OLS)http://semarc/title/207209 996 $6260$aTorino :$bSEI$9(OLS)http://semarc/publisher/29848 LEADER 00844nam a2200217 i 4500 001 000000195287 003 CaOOAMICUS 005 20161122000000.0 008 161122s1849 it u000 u fre u 013 $a173957 040 $aSeMil$bita 100 1 $aPerin, Charles,$d<1815-1905>.$0(OLS)http://semarc/name/70878 245 14$aLes économistes, les socialistes et le christianisme /$cpar Charles Perin. 260 $aParis :$bJacques Lecoffre et C.,$c1849. 300 $a177 p. ;$c23 cm. 850 $aSeMil 852 $aSeMil$W1$xVenegono$y1$m3M IV 53 FA$j145856$B145856$CSeMilBibl$Z2$F214368 $8I 941 1 $a10 961 $aRecupero: Mantegazza 996 $6245$aLes économistes, les socialistes et le christianisme$9(OLS)http://semarc/title/281714 996 $6260$aParis :$bJacques Lecoffre et C.$9(OLS)http://semarc/publisher/31265